000 00282 a2200133 4500
001 120496
040 _cEscola Canadense de Niteroi
245 1 0 _aMapa: Brasil hidrográfico
362 0 _a2013
650 4 _aMapa
650 4 _aHidrográfico
650 4 _aGeografia
942 _cMATP
999 _c120496
_d120496